Radiology quiz: Chest X-Ray - Statistics

General Stats
  • This quiz has been taken 171 times
  • The average score is 7 of 10
Answer Stats
Hint Answer % Correct
How many lobes are in the right lung? 3
90%
Largest artery in the body Aorta
89%
A fracture of this bone is a cause for lung collapse Ribs
82%
Collapsed lung Pneumothorax
77%
Enlargement of the heart (1:2 ratio of heart:chest) Cardiomegaly
72%
The sharp angle in the chest field above diaphragm Costophrenic
57%
Central region of the thorax Mediastinum
57%
Tracheal bifurcation cartilage Carina
52%
The term used to describe a partial collapse of a lung Atelectasis
43%
PICC line is placed in this vessel Superior Vena Cava
39%
No matching quizzes found
Score Distribution
Percent of People with Each Score
Percentile by Number Answered
Your Score History
You have not taken this quiz